| 000 | 00575 a2200193 4500 | ||
|---|---|---|---|
| 999 |
_c28773 _d28773 |
||
| 003 | NUST | ||
| 005 | 20180117112402.0 | ||
| 008 | 180117b xxu||||| |||| 00| 0 eng d | ||
| 020 | _a9780139078743 | ||
| 020 | _a9780139078743 | ||
| 040 | _cNUST | ||
| 082 | 0 | 4 | _a515 |
| 100 | 1 |
_aSaff, Edward B. _98527 |
|
| 245 | 1 | 0 |
_aFundamentals of complex analysis with applications to engineering, science, and mathematics / _cEdward B. Saff, Arthur David Snider. |
| 250 | _a3nd ed. | ||
| 260 |
_a[S.l.] : _bPrentice Hall, _c1993 |
||
| 300 |
_a563 p. ; _c25 cm. |
||
| 490 | 1 | _a2nd edition. | |
| 700 | 1 |
_aSnider, Arthur David. _98528 |
|
| 830 | 0 |
_a2nd edition. _98517 |
|
| 942 |
_aSNS _cBK _k515 SAF _2ddc |
||